000 00403nam a2200181Ia 4500
001 1229
005 20260306140616.0
008 260306t1979||||xx |||||||||||||| ||spa||
041 _aESP
082 _a189.4
_bP53
100 _aPieper, Josef
_eAUT
245 0 _aFilosofĂ­a medieval y mundo moderno
260 _c1979
300 _a
_c
650 _aGEN
654 _aCHU
942 _cLIB
_dJUS
_fJUS
_2ddc
_n
999 _c1229
_d1229